000 nam a22 7a 4500
999 _c126427
_d126427
008 170412b xxu||||| |||| 00| 0 eng d
050 _aB2766. 1966
100 _aKant, Immanuel
_929888
245 _aMetaphysik der sitten
_cImmanuel Kant
260 _aHamburg
_bVerlag Von Felix Meiner
_c1966
300 _ali, 378p. ;
_c19cm.
440 _aPhilosophische Bibliothek
_n42
_929889
650 _aEthics
_929890
700 _aVorlander, Karl
_929891
_eed.
942 _2lcc
_cMONOGRAPH